000 01291cam a2200313 i 4500
001 25136
003 Mx-PuUPA
005 20250714113852.0
008 140415s1979 mx a gr 000 0 spa d
040 _aMx-PuUPA
_bspa
_cMx-PuUPA
_dMx-PuUPA
_erda
041 0 _aspa
245 1 0 _aCódice Ramírez manuscrito del Siglo XVI intitulado :
_brelación del origen de los indios que habitan esta Nueva España, según sus historias /
_cexamen de la obra, con un anexo de Cronología Mexicana, por el Lic. Manuel Orozco y Berra, Don José Fernando Ramírez
250 _aPrimera edición
264 1 _aMéxico, D.F. :
_bEditorial Innovación,
_c©1979
300 _a294 páginas :
_bilustraciones ;
_c21 cm
336 _2rdacontent
_atexto
_btxt
337 _2rdamedia
_asin medio
_bn
338 _2rdacarrier
_avolumen
_bnc
650 7 _2armarc
_aCodex Ramírez
650 7 _2armarc
_aÉpoca prehispánica
_zMéxico
650 7 _2armarc
_aIndígenas de México
_xAntigüedades
650 7 _2armarc
_aManuscritos mexicanos
651 4 _aMéxico
_xHistoria
_yHasta 1519
_vFuentes
700 1 _aOrozco y Berra, Manuel,
_d1816-1881
_917303
_eeditor
700 1 _aFernando Ramírez, José,
_eeditor
942 _2ddc
_cLI
_h972.01
_iC68
999 _c25136
_d25136